000 00232nam a2200085Ia 4500
008 120527s9999 xx 000 0 und d
100 _aRoyal Tropical Institute
245 _aMedical ethical standards in mental health care
942 _cBK
999 _c25773
_d25773